[Event "Kowalewo Pomorskie op-B"]
[Site "Kowalewo Pomorskie"]
[Date "2008.07.04"]
[Round "2.16"]
[White "Sobczynski, Roman"]
[Black "Murawski, Zbigniew"]
[Result "1-0"]
[WhiteElo "1914"]
[BlackElo "1633"]
[PlyCount "63"]
[EventDate "2008.07.04"]
[EventType "swiss"]
[EventRounds "9"]
[EventCountry "POL"]
[SourceTitle "EXT 2023"]
[Source "ChessBase"]
[SourceDate "2022.10.05"]
[SourceVersion "1"]
[SourceVersionDate "2022.10.05"]
[SourceQuality "1"]

1. e4 e6 2. d4 d5 3. Nd2 Nf6 4. e5 Nfd7 5. Bd3 c5 6. c3 Nc6 7. Ne2 Qb6 8. Nf3 cxd4 9. cxd4 Bb4+ 10. Kf1 f6 11. exf6 Nxf6 12. g3 0-0 13. Kg2 Bd6 14. Bf4 e5 15. dxe5 Bxe5 16. Nxe5 Nxe5 17. Bxe5 Ng4 18. Bd4 Rxf2+ 19. Kg1 Ne3 20. Nf4 Nxd1 21. Bxb6 axb6 22. Rxd1 Rxb2 23. Kf1 Raxa2 24. Be2 g5 25. Rxd5 Rc2 26. Rxg5+ Kf8 27. Kf2 b5 28. Rxb5 Bg4 29. Re1 Rc7 30. Re5 Rb2 31. h3 b5 32. hxg4 1-0